[Event "Montreal Tournoi de l'Est 4"]
[Site "Montreal"]
[Date "1983.05.15"]
[Round "5"]
[White "Kiss, Istvan3333"]
[Black "Ouimet, Rene"]
[Result "0-1"]
[WhiteElo "1825"]
[BlackElo "1616"]
[PlyCount "52"]
[EventDate "1983.05.??"]
[EventType "swiss"]
[EventRounds "5"]
[EventCountry "CAN"]
[SourceTitle "EXT 2022"]
[Source "ChessBase"]
[SourceDate "2021.10.06"]
[SourceVersion "1"]
[SourceVersionDate "2021.10.06"]
[SourceQuality "1"]

1. e4 e5 2. Nf3 Nc6 3. c4 Nf6 4. Nc3 Bc5 5. Be2 d6 6. 0-0 a6 7. a3 Nd4 8. d3 h6 9. b4 Nxf3+ 10. Bxf3 Bd4 11. Bb2 0-0 12. Rb1 Be6 13. Nd5 Bxb2 14. Rxb2 c6 15. Ne3 Qd7 16. d4 Qc7 17. d5 cxd5 18. cxd5 Bd7 19. Rc2 Qb8 20. Qd2 Rc8 21. Rfc1 Rxc2 22. Rxc2 Qd8 23. Qc1 Rc8 24. Nc4 Ba4 25. Rc3 Qc7 26. h3 b5 0-1